00793cam a2200217 a 45000010009000000050017000090080041000260100017000670200035000840400018001190420008001370500022001450820019001671000030001862450127002162500012003432600038003553000027003935050130004206500025005501712838220221220120150.0120120s2012 nyu b 001 0 eng  a 2012000655 a9781400069835 (acidfree paper) aDLCcDLCdDLC apcc00aJC319b.K335 201200a320.12,KAP2231 aKaplan, Robert D.,d1952-14aThe revenge of geography :bwhat the map tells us about coming conflicts and the battle against fate / cRobert D. Kaplan. a1st ed. aNew York :bRandom House,cc2012. axxii, 403 p. ;c25 cm.0 aPart I: Visionaries (Page-3), Part II: The early twenty first century map (Page-133), Part III: America's Destiny (Page-319). 0aPolitical geography.